Finančná analýza a finančné plánovanie pri čerpaní prostriedkov z fondov EÚ v rámci programovacieho obdobia 2014-2020 v konkrétnom podniku diplomová práca

Saved in:
Bibliographic Details
Main Author: Macko, Michal Daniel
Corporate Author: Podnikovohospodárska fakulta EU so sídlom v Košiciach. Katedra finančného riadenia podniku
Other Authors: Ručinský, Rastislav
Format: Book
Language:Slovak
Published: Košice 2020
Tags: Add Tag
No Tags, Be the first to tag this record!

MARC

LEADER 00000nbm a2200000 4500
001 0265336
005 20201208110819.9
041 0 |a slo 
044 |a SK 
245 1 0 |a Finančná analýza a finančné plánovanie pri čerpaní prostriedkov z fondov EÚ v rámci programovacieho obdobia 2014-2020 v konkrétnom podniku  |b diplomová práca  |c Michal Daniel Macko ; školiteľ: Rastislav Ručinský 
264 1 |a Košice  |c 2020 
300 |a 90 s. 
100 1 |a Macko, Michal Daniel 
700 1 |a Ručinský, Rastislav 
710 2 |a Podnikovohospodárska fakulta EU so sídlom v Košiciach. Katedra finančného riadenia podniku